Rizikový kapitál - pre koho predstavuje riziko?

Rizikový kapitál (venture capital) ako finančný produkt, ktorý má svoj pôvod v USA. Je to akciový kapitál, ktorý poskytujú profesionálne spoločnosti pre štart, rozvoj alebo transformáciu tých súkromných firiem, ktoré vedia demonštrovať svoj potenciál rastu. Z pôvodného produktu sa časom vyšpecifikov...

Ausführliche Beschreibung

Gespeichert in:
Bibliographische Detailangaben
1. Verfasser: Griačová, Iveta
Format: Buchkapitel
Sprache:Slowakisch
Schlagworte:
Tags: Tag hinzufügen
Keine Tags, Fügen Sie das erste Tag hinzu!

MARC

LEADER 00000naa$a2200000$$$4500
001 0030099
005 20231106074803.3
041 0 |a slo 
044 |a SK 
245 1 0 |a Rizikový kapitál - pre koho predstavuje riziko?  |c Iveta Griačová 
520 |a Rizikový kapitál (venture capital) ako finančný produkt, ktorý má svoj pôvod v USA. Je to akciový kapitál, ktorý poskytujú profesionálne spoločnosti pre štart, rozvoj alebo transformáciu tých súkromných firiem, ktoré vedia demonštrovať svoj potenciál rastu. Z pôvodného produktu sa časom vyšpecifikoval tzuv. venture capital a private equity. Investície prostredníctvom venture kapitálu a private equity v Európe r. 2003. Ďalšie investície kapitálu prostredníctvom management buy out a leveraged buy out. 
610 2 0 |a financovanie podnikov 
610 2 0 |a kapitál rizikový 
610 2 0 |a kapitál účastinný 
610 2 0 |a investície kapitálové 
100 1 |a Griačová, Iveta